000 004180000a22001690004500
003 MACL
005 20160107172815.0
008 160107b xxu||||| |||| 00| 0 eng d
040 _aMACL
_cMACL
041 _aEnglish
082 _a826/TAG
100 _aTagore, Rabindranath
_91823
245 _aGlimpses of Bengal
260 _bMachmillan & co
_c1953
_aLondon
650 _aLetter's
_929229
942 _cBK
_k826/Tag
_2ddc
999 _c35368
_d35368